Asia ; a handbook.

Bibliographic Details
Main Author: Wint, Guy, 1910-1969
Format: Book
Language:English
Published: New York : Praeger, [1966]
Subjects:

MARC

Tag First Indicator Second Indicator Subfields
LEADER 00000cam a2200000 4500
001 in00000307352
005 20151010143801.0
008 720901s1966 nyub b 00000 eng
010 |a  65013263  
035 |a (OCoLC)00397554 
035 |9 ABH5776AM 
040 |c WSU  |d TXA  |d UtOrBLW 
049 |a TXAM  |c 1 [900776]  |c 2 [900777]  |c 3 [466156] 
050 0 |a DS5  |b .W5 
100 1 |a Wint, Guy,  |d 1910-1969. 
245 1 0 |a Asia ;  |b a handbook. 
264 1 |a New York :  |b Praeger,  |c [1966] 
300 |a xiii, 856 pages :  |b maps (part folded) ;  |c 24 cm. 
336 |a text  |b txt  |2 rdacontent 
337 |a unmediated  |b n  |2 rdamedia 
338 |a volume  |b nc  |2 rdacarrier 
500 |a Appendix (pages [737]-802): Post-war treaties and agreements. 
504 |a Includes bibliographies. 
651 0 |a Asia. 
999 |a MARS 
999 f f |s 4aba7508-1a7a-3472-b22c-b9a54e15b397  |i ac983a6c-c3ac-308e-b8cc-d54403cefd65  |t 0 
952 f f |p ric  |a Texas A&M University  |b Rellis Campus  |c Joint Library Facility  |s JLF  |d Remote Storage  |t 0  |e DS5 .W5  |h Library of Congress classification  |i unmediated -- volume  |m A14802021716 
998 f f |a DS5 .W5  |t 0  |l Remote Storage